| 000 | 00494nam a2200181Ia 4500 | ||
|---|---|---|---|
| 008 | 240925s9999 xx 000 0 und d | ||
| 020 | _a812031316x | ||
| 082 | _a004.67 WYN | ||
| 100 | _aWynkoop, Stephen | ||
| 245 | 0 | _aRunning a Perfect Web Site | |
| 250 | _a2nd | ||
| 260 |
_aNew Delhi: _bPrentice Hall _c,1998. |
||
| 300 |
_axviii,1139p. _bNA _fOriginal |
||
| 500 | _aIncludes Index | ||
| 600 | _aComputer Science | ||
| 650 | _aComputer science, information & general works | ||
| 942 | _cBK | ||
| 999 |
_c4718 _d4718 |
||